THE APPAREL INDUSTRY (Record no. 9956)

MARC details
000 -LEADER
fixed length control field 00289nam a22001337a 4500
003 - CONTROL NUMBER IDENTIFIER
control field SGT
082 ## - DEWEY DECIMAL CLASSIFICATION NUMBER
Classification number 745.2
Item number JON
100 ## - MAIN ENTRY--PERSONAL NAME
Personal name JONES, RICHARD M.
245 ## - TITLE STATEMENT
Title THE APPAREL INDUSTRY
260 ## - PUBLICATION, DISTRIBUTION, ETC. (IMPRINT)
Place of publication, distribution, etc INDIA
Name of publisher, distributor, etc BLACKWELL
Year of Publication 2007
300 ## - PAGE DESCRIPTION
No. of Pages 319
650 ## - SUBJECT ADDED ENTRY--TOPICAL TERM
Topical term or geographic name as entry element APPAREL INDUSTRY
942 ## - ADDED ENTRY ELEMENTS (KOHA)
Source of classification or shelving scheme Dewey Decimal Classification
Koha item type Books
942 ## - ADDED ENTRY ELEMENTS (KOHA)
-- 2
Holdings
Withdrawn status Lost status Source of classification or shelving scheme Damaged status Not for loan Home library Current library Shelving location Date acquired Vendor Name Cost, normal purchase price SGTU Bill Number Total Checkouts Full call number Accession No. (Barcode) Date last seen Date last borrowed Bill Date Koha item type
    Dewey Decimal Classification     SGT Science & Social Sciences Library SGT Science & Social Sciences Library Text Book 28/09/2016 ABC 695.00 SGTU 7131 1 745.2 JON FF82 03/04/2018 26/03/2018 08/08/2016 Books
    Dewey Decimal Classification     SGT Science & Social Sciences Library SGT Science & Social Sciences Library Text Book 28/09/2016 ABC 695.00 SGTU 7131   745.2 JON FF83 28/09/2016   08/08/2016 Books
    Dewey Decimal Classification     SGT Science & Social Sciences Library SGT Science & Social Sciences Library Text Book 28/09/2016 ABC 695.00 SGTU 7131 2 745.2 JON FF84 19/09/2023 21/07/2023 08/08/2016 Books